[Event "32. Staufer-Open A-Turnier"]
[Site "Schwäbisch Gmünd"]
[Date "2020.01.05"]
[Round "7.2"]
[White "Buckels, Valentin"]
[Black "Vorobiov, Evgeny E"]
[Result "1/2-1/2"]
[WhiteElo "2459"]
[BlackElo "2535"]
[PlyCount "110"]
[EventDate "2020.??.??"]
[WhiteTeam "SV Mülheim-Nord"]
[BlackTeam "SF 90 Spraitbach"]

1. d4 Nf6 2. Bf4 g6 3. Nc3 d6 4. e4 Nbd7 5. Nf3 Bg7 6. Qd2 c6 7. e5 dxe5 8.
dxe5 Nh5 9. O-O-O Nxf4 10. Qxf4 Qc7 11. Bc4 O-O 12. Rhe1 b5 13. Bb3 Nc5 14. Ne4
Nxe4 15. Qxe4 a5 16. a4 Rb8 17. Nd4 bxa4 18. Bxa4 Rb4 19. Qxc6 Qb8 20. Bb5 Bxe5
21. c3 Rxd4 22. cxd4 Bf6 23. Kb1 Bb7 24. Qc3 Bxg2 25. Bf1 Bd5 26. Rc1 Qf4 27.
Qe3 Qxh2 28. Bc4 Bxc4 29. Rxc4 Rb8 30. Rec1 Kg7 31. Rc8 Rxc8 32. Rxc8 h5 33. f4
Qh1+ 34. Rc1 Qd5 35. Rd1 h4 36. Rd3 e6 37. Kc2 Qf5 38. Kd1 Qd5 39. b3 Qb5 40.
Ke2 Qd5 41. Qf3 Qf5 42. d5 exd5 43. Rxd5 Qc2+ 44. Rd2 Qc5 45. Rd5 Qa3 46. Rd7
a4 47. bxa4 Qa2+ 48. Kf1 Qxa4 49. Rd2 Qb4 50. Re2 Qb1+ 51. Kg2 Bd4 52. Kh3 Bf6
53. Rf2 Qg1 54. Qg2 Qe1 55. Qf3 Qg1 1/2-1/2

[Event "32. Staufer-Open A-Turnier"]
[Site "Schwäbisch Gmünd"]
[Date "2020.01.05"]
[Round "7.3"]
[White "Wenninger, Philipp"]
[Black "Burmakin, Vladimir"]
[Result "1/2-1/2"]
[WhiteElo "2366"]
[BlackElo "2519"]
[PlyCount "39"]
[EventDate "2020.??.??"]
[WhiteTeam "TSV Schönaich"]
[BlackTeam "SF 90 Spraitbach"]

1. d4 Nf6 2. c4 c6 3. Nc3 d5 4. Nf3 a6 5. c5 Nbd7 6. Bf4 g6 7. h3 Bg7 8. e3 O-O
9. Be2 Ne8 10. O-O Nc7 11. b4 Re8 12. Bg5 h6 13. Bh4 g5 14. Bg3 e5 15. dxe5
Nxe5 16. Nxe5 Bxe5 17. Bxe5 Rxe5 18. Bd3 Bf5 19. Bxf5 Rxf5 20. e4 1/2-1/2

[Event "32. Staufer-Open A-Turnier"]
[Site "Schwäbisch Gmünd"]
[Date "2020.01.05"]
[Round "7.4"]
[White "Chittka, Julius"]
[Black "Iniyan, Panneer Selvam"]
[Result "0-1"]
[WhiteElo "2304"]
[BlackElo "2494"]
[PlyCount "86"]
[EventDate "2020.??.??"]
[WhiteTeam "SF Düsseldorf-Süd"]

1. d4 Nf6 2. c4 g6 3. Nc3 Bg7 4. e4 d6 5. Nf3 O-O 6. Be2 e5 7. Be3 Ng4 8. Bg5
f6 9. Bh4 Nc6 10. d5 Ne7 11. Nd2 h5 12. h3 Nh6 13. g4 g5 14. Bg3 Ng6 15. f3 c5
16. Rb1 Rf7 17. b4 Bf8 18. bxc5 dxc5 19. Nf1 Rh7 20. Rh2 Nf7 21. Ne3 Nd6 22.
Bf1 Nf4 23. Qd2 Rb8 24. Nb5 a6 25. Nc3 h4 26. Bxf4 exf4 27. Nf5 Bxf5 28. exf5
b5 29. cxb5 axb5 30. Re2 Nc4 31. Qd3 Ne3 32. Rxb5 c4 33. Qb1 Rxb5 34. Qxb5 Qe7
35. Ne4 Qe5 36. Rxe3 Qa1+ 37. Ke2 Ra7 38. Qe8 Qxa2+ 39. Ke1 Qa1+ 40. Kf2 fxe3+
41. Kxe3 Qe1+ 42. Be2 Qg1+ 43. Kd2 Qd4+ 0-1

[Event "32. Staufer-Open A-Turnier"]
[Site "Schwäbisch Gmünd"]
[Date "2020.01.05"]
[Round "7.5"]
[White "Vogel, Roven"]
[Black "Skembris, Spyridon"]
[Result "1/2-1/2"]
[WhiteElo "2465"]
[BlackElo "2415"]
[PlyCount "79"]
[EventDate "2020.??.??"]
[WhiteTeam "USV TU Dresden"]
[BlackTeam "SC Grunbach"]

1. Nf3 Nf6 2. g3 g6 3. Bg2 Bg7 4. O-O O-O 5. c4 c5 6. Nc3 Nc6 7. d4 cxd4 8.
Nxd4 Qb6 9. Nb3 d6 10. Bg5 Be6 11. Nd5 Qd8 12. Bxf6 exf6 13. Nc1 f5 {(=)} 14.
Rb1 Ne7 15. Qd2 Rc8 16. b3 Nxd5 17. Bxd5 Qb6 18. Rd1 Rfe8 19. e3 Be5 20. Ne2
Qa6 21. a4 Bxd5 22. Qxd5 Rc5 23. Qd2 d5 24. cxd5 Rd8 25. Rbc1 Rcxd5 26. Qxd5
Rxd5 27. Rxd5 Qxe2 28. Rxe5 Qb2 29. Rc8+ Kg7 30. Re7 Qxb3 31. Rcc7 Qd1+ 32. Kg2
Qd5+ 33. Kg1 Qd1+ 34. Kg2 Qd5+ 35. f3 g5 36. Rxb7 Qd2+ 37. Kg1 Qe1+ 38. Kg2
Qe2+ 39. Kg1 Qe1+ 40. Kg2 1/2-1/2

[Event "32. Staufer-Open A-Turnier"]
[Site "Schwäbisch Gmünd"]
[Date "2020.01.05"]
[Round "7.6"]
[White "Barzen, Pascal"]
[Black "Krassowizkij, Jaroslaw"]
[Result "0-1"]
[WhiteElo "2301"]
[BlackElo "2462"]
[PlyCount "72"]
[EventDate "2020.??.??"]
[WhiteTeam "SG Trier"]
[BlackTeam "TSV Schönaich"]

1. e4 c5 2. Nf3 e6 3. d4 cxd4 4. Nxd4 Nf6 5. Nc3 Nc6 6. Be3 Bb4 7. f3 d5 8.
Nxc6 bxc6 9. e5 Nd7 10. f4 O-O 11. Bd2 a5 12. a3 Bc5 13. Na4 Ba7 14. Bd3 c5 15.
c4 dxc4 16. Bxc4 Nxe5 17. Qc2 Nxc4 18. Qxc4 Bb7 19. Be3 Bxg2 20. Rg1 Qd5 21.
Qxd5 Bxd5 22. Bxc5 Bxc5 23. Nxc5 Rfb8 24. Nd3 Rb3 25. Rd1 Rc8 26. Rd2 h5 27.
Rg3 Rc4 28. Kf2 Rd4 29. Ke3 Re4+ 30. Kf2 h4 31. Re3 Rd4 32. Kg1 a4 33. Rd1 f6
34. h3 e5 35. fxe5 fxe5 36. Kh2 Bc4 0-1

[Event "32. Staufer-Open A-Turnier"]
[Site "Schwäbisch Gmünd"]
[Date "2020.01.05"]
[Round "7.7"]
[White "Perske, Thore"]
[Black "Gschnitzer, Adrian"]
[Result "1/2-1/2"]
[WhiteElo "2440"]
[BlackElo "2388"]
[PlyCount "91"]
[EventDate "2020.??.??"]
[WhiteTeam "SF 1903 Berlin"]
[BlackTeam "SV Walldorf"]

1. d4 Nf6 2. Nf3 c5 3. d5 b5 4. Bg5 Qb6 5. e3 Bb7 6. Nc3 b4 7. Na4 Qa5 8. Bxf6
exf6 9. c3 g6 10. Qb3 bxc3 11. bxc3 Ba6 12. Rb1 Bg7 13. Bb5 O-O 14. O-O d6 15.
Nd2 Bc8 16. Bd3 f5 17. Nc4 Qc7 18. Na3 Nd7 19. Nb5 Qd8 20. Nb2 Ne5 21. Be2 Rb8
22. Qc2 a6 23. Na3 Bb7 24. Rfd1 Qc7 25. Nbc4 Nd7 26. Bf3 Ba8 27. Qa4 Rxb1 28.
Rxb1 Nf6 29. Qxa6 Bxd5 30. Bxd5 Nxd5 31. Nb5 Qe7 32. Qxd6 Qxd6 33. Ncxd6 Nxc3
34. Nxc3 Bxc3 35. Kf1 Ra8 36. Rc1 Bb2 37. Rxc5 Rxa2 38. Rc8+ Kg7 39. Rc7 Be5
40. Rxf7+ Kg8 41. Rd7 Ra1+ 42. Ke2 Ra2+ 43. Kf3 Bxh2 44. Nc4 Rc2 45. Nd2 Be5
46. Nb3 1/2-1/2

[Event "32. Staufer-Open A-Turnier"]
[Site "Schwäbisch Gmünd"]
[Date "2020.01.05"]
[Round "7.8"]
[White "Rosner, Jonas"]
[Black "Das, Soham"]
[Result "1-0"]
[WhiteElo "2428"]
[BlackElo "2355"]
[PlyCount "39"]
[EventDate "2020.??.??"]
[WhiteTeam "SK Ettlingen"]
[BlackTeam "SK Tarrasch München"]

1. d4 f5 2. Bf4 Nf6 3. e3 d6 4. Nc3 g6 5. h4 Bg7 6. h5 Nxh5 7. Rxh5 gxh5 8.
Qxh5+ Kf8 9. Nf3 Qe8 10. Qh2 c6 11. O-O-O b5 12. Bd3 Nd7 13. Bxf5 Nf6 14. Bd3
b4 15. Ne4 Qh5 16. Bxd6 Qd5 17. Qf4 Bf5 18. Bxe7+ Kxe7 19. Nxf6 Kxf6 20. Ne5
1-0

[Event "32. Staufer-Open A-Turnier"]
[Site "Schwäbisch Gmünd"]
[Date "2020.01.05"]
[Round "7.9"]
[White "Stork, Oliver"]
[Black "Pap, Misa"]
[Result "1-0"]
[WhiteElo "2267"]
[BlackElo "2427"]
[PlyCount "93"]
[EventDate "2020.??.??"]
[WhiteTeam "SV Oberursel"]
[BlackTeam "SF Augsburg"]

1. c4 e5 2. Nc3 Nc6 3. Nf3 f5 4. g3 Nf6 5. d4 e4 6. Nh4 d6 7. Ng2 Bd7 8. Bg5
Be7 9. e3 O-O 10. Nf4 h6 11. Bxf6 Bxf6 12. h4 Ne7 13. Rc1 c6 14. Be2 a5 15. c5
d5 16. Na4 g5 17. Nh5 Bh8 18. Nb6 Ra7 19. Nxd7 Qxd7 20. Qd2 Qc7 21. Rc3 Raa8
22. Kd1 Ng6 23. hxg5 hxg5 24. Ra3 Qd8 25. f3 exf3 26. Bxf3 Rf7 27. g4 f4 28. e4
dxe4 29. Bxe4 Nh4 30. d5 Qe7 31. Bc2 Qxc5 32. d6 Qd5 33. Qxd5 cxd5 34. Rd3 Kf8
35. Rxd5 Bxb2 36. Rxg5 Nf3 37. Rb5 Ba1 38. Be4 Nd4 39. Rd5 Bc3 40. Bg6 f3 41.
Bxf7 Kxf7 42. Ng3 Ke6 43. Rc5 Bb4 44. Rh6+ Kf7 45. Rc7+ Kg8 46. Nh5 Re8 47.
Nf6+ 1-0

[Event "32. Staufer-Open A-Turnier"]
[Site "Schwäbisch Gmünd"]
[Date "2020.01.05"]
[Round "7.10"]
[White "Velicka, Petr"]
[Black "Heimrath, Reiner"]
[Result "1-0"]
[WhiteElo "2424"]
[BlackElo "2206"]
[PlyCount "92"]
[EventDate "2020.??.??"]
[WhiteTeam "SG Schwäbisch Gmünd"]
[BlackTeam "SC Noris-Tarrasch Nürnberg"]

1. e4 e5 2. Nf3 Nc6 3. Bb5 a6 4. Ba4 g6 5. O-O Bg7 6. c3 b5 7. Bc2 Nge7 8. d4
exd4 9. cxd4 O-O 10. d5 Na5 11. Bd2 Nc4 12. Bc3 Nxb2 13. Qe1 Nc4 14. Bb3 Nb6
15. a4 bxa4 16. Bxa4 f6 17. Nbd2 Kh8 18. Nb3 d6 19. Nbd4 Nxa4 20. Rxa4 Bd7 21.
Rc4 a5 22. Qa1 Ra7 23. Ng5 Qc8 24. Nde6 Bxe6 25. Nxe6 Rf7 26. Ra4 c6 27. Rxa5
Rxa5 28. Qxa5 cxd5 29. exd5 h5 30. Rc1 Nf5 31. Qa1 Qb8 32. Qa4 Kh7 33. h3 Bh6
34. Rd1 Ra7 35. Qc4 Rf7 36. Ba1 h4 37. Qd3 Qa8 38. Qc4 Qb8 39. Bc3 Qa8 40. Ra1
Qb8 41. Qc6 Bg7 42. Kh2 Ne7 43. Qc4 Nf5 44. Nd4 Rc7 45. Nc6 Qc8 46. Re1 Rf7 {
Rest nicht rekonstruierbar} 1-0

[Event "32. Staufer-Open A-Turnier"]
[Site "Schwäbisch Gmünd"]
[Date "2020.01.05"]
[Round "7.11"]
[White "Sedlak, Nikola"]
[Black "Richter, Nils"]
[Result "1/2-1/2"]
[WhiteElo "2563"]
[BlackElo "2257"]
[PlyCount "52"]
[EventDate "2020.??.??"]
[WhiteTeam "SV Deggendorf"]
[BlackTeam "TSV Schönaich"]

1. d4 Nf6 2. Nf3 e6 3. Bf4 d5 4. e3 c5 5. c3 Nc6 6. Nbd2 Bd6 7. Bg3 O-O 8. Bd3
b6 9. Qe2 Bb7 10. Rd1 Ne7 11. Ne5 Nf5 12. Bf4 Ne4 13. Bxe4 dxe4 14. dxc5 Bxe5
15. Bxe5 Qd5 16. Bd6 Nxd6 17. Nb3 Qg5 18. Rxd6 Qxg2 19. Qf1 Qg4 20. Rg1 Qh5 21.
Qg2 g6 22. Qg5 Qxh2 23. Rg2 Qh1+ 24. Rg1 Qh2 25. Rg2 Qh3 26. Rg3 Qh1+ 1/2-1/2

[Event "32. Staufer-Open A-Turnier"]
[Site "Schwäbisch Gmünd"]
[Date "2020.01.05"]
[Round "7.12"]
[White "Orlov, Andrey"]
[Black "Degenhard, Simon"]
[Result "1/2-1/2"]
[WhiteElo "2510"]
[BlackElo "2247"]
[PlyCount "104"]
[EventDate "2020.??.??"]
[WhiteTeam "Düsseldorfer SK"]
[BlackTeam "Heilbronner SV"]

1. e4 c5 2. Nc3 g6 3. g3 Bg7 4. Bg2 Nc6 5. d3 d6 6. Nh3 e6 7. f4 Nge7 8. O-O
O-O 9. Be3 Rb8 10. a4 a6 11. Qd2 b5 12. axb5 axb5 13. Rae1 b4 14. Nd1 Bb7 15.
Ng5 Qd7 16. Bf2 h6 17. Nf3 f5 18. h3 Kh7 19. Kh2 Rbe8 20. c3 bxc3 21. bxc3 e5
22. fxe5 Nxe5 23. Nxe5 Bxe5 24. d4 cxd4 25. cxd4 Bg7 26. Nc3 fxe4 27. Nxe4 Nd5
{(=)} 28. Bg1 Bc6 29. Rxf8 Rxf8 30. Rc1 Ne7 31. Qb4 Bxe4 32. Bxe4 Rc8 33. Rxc8
Nxc8 34. Qc4 Nb6 35. Qb3 Nc8 36. Qc4 Nb6 37. Qb3 Nc8 38. h4 h5 39. Qf3 Qg4 40.
Qxg4 hxg4 41. h5 Ne7 42. hxg6+ Kh6 43. Be3+ Kh5 44. Kg2 d5 45. Bc2 Nc6 46. Ba4
Nxd4 47. Be8 Ne6 48. Bf7 d4 49. Bf2 Ng5 50. Bxd4 Nxf7 51. gxf7 Kg6 52. Bxg7
Kxg7 1/2-1/2

[Event "32. Staufer-Open A-Turnier"]
[Site "Schwäbisch Gmünd"]
[Date "2020.01.05"]
[Round "7.13"]
[White "Jurek, Josef"]
[Black "Zwirs, Nico"]
[Result "1/2-1/2"]
[WhiteElo "2235"]
[BlackElo "2418"]
[PlyCount "48"]
[EventDate "2020.??.??"]
[WhiteTeam "SG Schwäbisch Gmünd"]
[BlackTeam "SV Mülheim-Nord"]

{[%evp 0,23,16,16,31,-11,-10,-10,55,-5,-14,-8,-2,-5,11,11,26,9,26,13,0,-6,-5,6,
21,2]} 1. Nf3 d5 2. g3 Nf6 3. Bg2 c6 4. b3 Bf5 5. Bb2 e6 6. O-O h6 7. d3 Be7 8.
Nbd2 O-O 9. c4 Nbd7 10. a3 a5 11. Qc2 Bh7 12. Bc3 b5 13. cxb5 cxb5 14. b4 a4
15. Qb2 Qb6 16. Ne5 Nxe5 17. Bxe5 Rac8 18. Rac1 Rfd8 19. Nf3 Ne8 20. Rxc8 Rxc8
21. Rc1 Qb7 22. Bh3 Rxc1+ 23. Qxc1 Kf8 24. Nd4 Bg6 1/2-1/2

[Event "32. Staufer-Open A-Turnier"]
[Site "Schwäbisch Gmünd"]
[Date "2020.01.05"]
[Round "7.14"]
[White "Roseneck, Jonas"]
[Black "Sieber, Fiona"]
[Result "1/2-1/2"]
[WhiteElo "2413"]
[BlackElo "2245"]
[PlyCount "97"]
[EventDate "2020.??.??"]
[WhiteTeam "SG Aufbau Elbe Magdeburg"]
[BlackTeam "SG Aufbau Elbe Magdeburg"]

1. e4 e5 2. Nf3 Nc6 3. Bb5 a6 4. Ba4 Nf6 5. O-O Be7 6. Re1 b5 7. Bb3 d6 8. c3
Na5 9. Bc2 c5 10. a4 c4 11. d4 Qc7 12. Nbd2 O-O 13. Nf1 Re8 14. Ng3 g6 15. h3
Bd7 16. Bh6 Bf8 17. Bg5 Bg7 18. Qd2 bxa4 19. Bxa4 Bxa4 20. Rxa4 Nd7 21. dxe5
Nxe5 22. Nxe5 Rxe5 23. Bf4 Nb3 24. Qd1 Re6 25. Qd5 Rc8 26. Rxa6 Nc5 27. Qxc4
Nxa6 28. Qxa6 Be5 29. Ne2 Rb8 30. b4 d5 31. Bxe5 Qxe5 32. Qa7 Re7 33. Qe3 Qxe4
34. Nf4 Qxe3 35. fxe3 Rb5 36. Rd1 Re5 37. Kf2 Kf8 38. Nd3 Rf5+ 39. Ke2 Rg5 40.
Nf4 Ke7 41. Ra1 Re5 42. Ra7+ Kf6 43. Ra6+ Kg7 44. Rd6 h5 45. Kd3 h4 46. Kd4
Re4+ 47. Kd3 Re5 48. Kd4 Re4+ 49. Kd3 1/2-1/2

[Event "32. Staufer-Open A-Turnier"]
[Site "Schwäbisch Gmünd"]
[Date "2020.01.05"]
[Round "7.15"]
[White "Nguyen, Alex Dac-Vuong"]
[Black "Wachinger, Nikolas"]
[Result "1/2-1/2"]
[WhiteElo "2401"]
[BlackElo "2232"]
[PlyCount "55"]
[EventDate "2020.??.??"]
[WhiteTeam "SG Leipzig"]
[BlackTeam "SV Werder Bremen"]

1. e4 c5 2. Nf3 d6 3. d4 Nf6 4. dxc5 Nxe4 5. cxd6 Nc6 6. Bd3 Nxd6 7. O-O g6 8.
Bf4 Bg7 9. Nc3 O-O 10. Re1 Re8 11. Ne5 Nb4 12. Be2 Bf5 13. Rc1 f6 14. Nc4 Ne4
15. Nxe4 Bxe4 16. Bd2 Nc6 17. Bc3 Qc7 18. Bf3 Rad8 19. Qe2 Bxf3 20. Qxf3 Nd4
21. Bxd4 Rxd4 22. b3 e5 23. Rcd1 Red8 24. Rxd4 Rxd4 25. Rd1 e4 26. Qe2 Qd7 27.
Ne3 Rxd1+ 28. Nxd1 1/2-1/2

[Event "32. Staufer-Open A-Turnier"]
[Site "Schwäbisch Gmünd"]
[Date "2020.01.05"]
[Round "7.16"]
[White "Stock, Jörg"]
[Black "Hess, Max"]
[Result "0-1"]
[WhiteElo "2214"]
[BlackElo "2388"]
[PlyCount "60"]
[EventDate "2020.??.??"]
[WhiteTeam "SV Hellern"]
[BlackTeam "SC Garching"]

1. e4 c5 2. Nf3 e6 3. d4 cxd4 4. Nxd4 Nc6 5. Nc3 Qc7 6. Be3 a6 7. Qf3 d6 8.
O-O-O Bd7 9. Kb1 b5 10. a3 Rb8 11. Nxc6 Bxc6 12. Bd3 Nf6 13. g4 Qb7 14. g5 Nd7
15. Qe2 Nc5 16. Nd5 Nxd3 17. Rxd3 exd5 18. exd5 Bxd5 19. Bd4+ Be6 20. Re1 Be7
21. Bxg7 Rg8 22. Bf6 Bxf6 23. gxf6 Kd7 24. Red1 Rbd8 25. Rc3 Rc8 26. Rcd3 Rc6
27. Qe4 Qb6 28. Qxh7 Qxf2 29. Ka1 Rg2 30. Rc1 Qxc2 0-1

[Event "32. Staufer-Open A-Turnier"]
[Site "Schwäbisch Gmünd"]
[Date "2020.01.05"]
[Round "7.17"]
[White "Humburg, Philipp"]
[Black "Lanka, Zigurds"]
[Result "0-1"]
[WhiteElo "2209"]
[BlackElo "2377"]
[PlyCount "94"]
[EventDate "2020.??.??"]
[WhiteTeam "SK Vellmar"]
[BlackTeam "SC Viernheim"]

1. c4 g6 2. Nc3 c5 3. g3 Bg7 4. Bg2 Nc6 5. e4 d6 6. Nge2 Nf6 7. O-O h5 8. h4
Ng4 9. d3 Rb8 10. f3 Nge5 11. Be3 a6 12. a4 Nb4 13. Nc1 Nec6 14. N1a2 O-O 15.
Rf2 e6 16. Rd2 e5 17. Nxb4 Nxb4 18. Qe2 Be6 19. Rdd1 Nc6 20. Rf1 Nd4 21. Bxd4
cxd4 22. Nd1 Bh6 23. Kh2 Qd7 24. Nf2 Rbe8 25. Bh3 Re7 26. b3 f5 27. Rae1 b6 28.
Kg2 Kh8 29. Kh2 Be3 30. Nd1 f4 31. Bxe6 Qxe6 32. Nxe3 fxe3 33. b4 b5 34. cxb5
axb5 35. axb5 Qd7 36. Rc1 Qxb5 37. Rc4 Ref7 38. Kg2 Qb7 39. Rfc1 d5 40. Rc6 Kg7
41. exd5 {(=)} Qxb4 42. Rc7 Qd6 43. Rxf7+ Rxf7 44. Qa2 Qf6 45. Qe2 Qa6 46. Rc6
Qb5 47. Rd6 e4 0-1

[Event "32. Staufer-Open A-Turnier"]
[Site "Schwäbisch Gmünd"]
[Date "2020.01.05"]
[Round "7.18"]
[White "Hacker, Jonas"]
[Black "Högy, Kevin"]
[Result "1/2-1/2"]
[WhiteElo "2375"]
[BlackElo "2244"]
[PlyCount "30"]
[EventDate "2020.??.??"]
[WhiteTeam "SC Eppingen"]
[BlackTeam "MTV Tostedt"]

1. e4 e5 2. Nc3 Nf6 3. g3 d5 4. exd5 Nxd5 5. Bg2 Nxc3 6. bxc3 Bd6 7. Nf3 O-O 8.
d3 Nc6 9. O-O Bg4 10. Rb1 Rb8 11. Qe1 Qd7 12. Qe4 Bf5 13. Qh4 Ne7 14. Re1 Ng6
15. Qc4 b5 1/2-1/2

[Event "32. Staufer-Open A-Turnier"]
[Site "Schwäbisch Gmünd"]
[Date "2020.01.05"]
[Round "7.19"]
[White "Osmanodja, Filiz"]
[Black "Farmani Anosheh, Armin"]
[Result "1-0"]
[WhiteElo "2203"]
[BlackElo "2353"]
[PlyCount "119"]
[EventDate "2020.??.??"]
[WhiteTeam "USV TU Dresden"]
[BlackTeam "SK Ladenburg"]

1. e4 c5 2. Nf3 Nc6 3. d4 cxd4 4. Nxd4 Nf6 5. Nc3 d6 6. Bg5 e6 7. Qd2 a6 8.
O-O-O Bd7 9. f4 b5 10. Nxc6 Bxc6 11. Qe1 Be7 12. e5 Nd5 13. Bxe7 Qxe7 14. Ne4
dxe5 15. fxe5 O-O 16. h4 Qb4 17. Rh3 Qxe1 18. Rxe1 a5 19. Rg3 Kh8 20. h5 h6 21.
Rf3 b4 22. c4 Nb6 23. Rf2 Nd7 24. Nd6 Kg8 25. g4 b3 26. a3 Rad8 27. Rd2 Nc5 28.
Red1 {(=)} Rd7 29. Bg2 Bxg2 30. Rxg2 Rfd8 31. g5 hxg5 32. Rxg5 Ne4 33. Rg2 Nxd6
34. exd6 Rxd6 35. Rdg1 Kf8 36. Rxg7 e5 37. Rh7 Rc6 38. Rh8+ Ke7 39. Rxd8 Rxc4+
40. Kd2 Kxd8 41. Rh1 Ke7 42. h6 Rc8 43. h7 Rh8 44. Kc3 Ke6 45. Kxb3 Kd5 46. Kc3
a4 47. b4 axb3 48. Kxb3 f5 49. Kc3 Ke4 50. Kd2 Kd4 51. Rh4+ f4 52. a4 e4 53. a5
Kc5 {(=)} 54. Rh6 Kd4 55. a6 f3 56. Rh4 Kc5 57. a7 f2 58. Rh1 Kb6 59. Ke2 e3
60. a8=Q 1-0

[Event "32. Staufer-Open A-Turnier"]
[Site "Schwäbisch Gmünd"]
[Date "2020.01.05"]
[Round "7.20"]
[White "Krastev, Alexander"]
[Black "Gheng, Josef"]
[Result "1-0"]
[WhiteElo "2333"]
[BlackElo "2201"]
[PlyCount "75"]
[EventDate "2020.??.??"]
[WhiteTeam "Biebertaler SF"]
[BlackTeam "SK Wernau"]

1. e4 d5 2. exd5 Qxd5 3. Nc3 Qd6 4. d4 Nf6 5. Nf3 Bg4 6. h3 Bf5 7. g4 Bg6 8.
Ne5 Nc6 9. Nxc6 bxc6 10. Bg2 Rd8 11. Qf3 Nd5 12. Ne4 Bxe4 13. Qxe4 e6 14. O-O
Qb4 15. a3 Qb6 16. Bd2 Rd6 17. c4 Qxb2 18. Qd3 Ne7 19. Bc3 Qb8 20. Bb4 Rd8 21.
Bc5 f6 22. Rfe1 Kf7 23. Qe3 Qc8 24. Rab1 Qd7 25. Rb7 h5 26. Rxa7 g5 27. Qg3 Rc8
28. Bb6 hxg4 29. hxg4 Ng6 30. Bxc7 Be7 31. Bb6 Qe8 32. Bc5 Ra8 33. Qd6 Rxa7 34.
Qxe6+ Kg7 35. Bxa7 Qa8 36. Qd7 Kh6 37. Rxe7 Qg8 38. Rf7 1-0

[Event "32. Staufer-Open A-Turnier"]
[Site "Schwäbisch Gmünd"]
[Date "2020.01.05"]
[Round "7.21"]
[White "Mink, Jens"]
[Black "Köllner, Ruben Gideon"]
[Result "0-1"]
[WhiteElo "2195"]
[BlackElo "2328"]
[PlyCount "64"]
[EventDate "2020.??.??"]
[WhiteTeam "SK Altrip"]
[BlackTeam "SF Deizisau"]

1. Nc3 Nf6 2. g4 Nxg4 3. e4 d6 4. Be2 Nf6 5. d4 e5 6. Be3 Nc6 7. d5 Ne7 8. f4
exf4 9. Bxf4 Ng6 10. Bg3 h5 11. Qd4 h4 12. Bf2 Ng4 13. O-O-O Be7 14. Bxg4 Bxg4
15. Re1 Ne5 16. h3 Bd7 17. Qd1 Bf6 18. Nf3 Nxf3 19. Qxf3 Be5 20. Ref1 Qe7 21.
Nd1 Bb5 22. Re1 a6 23. Qb3 Qf6 24. c4 Bd7 25. Qxb7 O-O 26. Qxc7 Bb5 27. c5 Rfc8
28. Qa5 Bxb2+ 29. Nxb2 Qxf2 30. c6 Bxc6 31. Kb1 Rab8 32. Qa3 Bxd5 0-1

[Event "32. Staufer-Open A-Turnier"]
[Site "Schwäbisch Gmünd"]
[Date "2020.01.05"]
[Round "7.22"]
[White "Suvorov, Luca"]
[Black "Yi, Danny"]
[Result "1/2-1/2"]
[WhiteElo "2297"]
[BlackElo "2182"]
[PlyCount "34"]
[EventDate "2020.??.??"]
[WhiteTeam "SG Porz"]
[BlackTeam "SF Kornwestheim"]

1. d4 Nf6 2. c4 g6 3. f3 d5 4. cxd5 Nxd5 5. e4 Nb6 6. Nc3 Bg7 7. Be3 O-O 8. Qd2
Nc6 9. O-O-O f5 10. e5 Nb4 11. Nh3 Be6 12. Kb1 Qd7 13. Nf4 Rfd8 14. Nxe6 Qxe6
15. a3 a5 16. f4 Qf7 17. Qc1 N4d5 1/2-1/2

[Event "32. Staufer-Open A-Turnier"]
[Site "Schwäbisch Gmünd"]
[Date "2020.01.05"]
[Round "7.23"]
[White "Grill, Bernd"]
[Black "Cvitan, Ena"]
[Result "0-1"]
[WhiteElo "2094"]
[BlackElo "2289"]
[PlyCount "108"]
[EventDate "2020.??.??"]
[WhiteTeam "SV Ebersbach"]

1. e4 c6 2. d4 d5 3. e5 Bf5 4. h4 h6 5. g4 Bd7 6. h5 c5 7. dxc5 e6 8. Be3 Qc7
9. b4 a5 10. c3 Nc6 11. b5 Nxe5 12. b6 Qc6 13. Qd4 f6 14. Na3 {(=)} Qa4 15.
Qxa4 Bxa4 16. Nb5 Kf7 17. Nc7 Rd8 18. Rh4 Bc6 19. Rb1 Ne7 20. Bb5 g5 21. hxg6+
N7xg6 22. Rh5 Ne7 23. f3 Nc4 24. Bxc4 dxc4 25. Kf2 e5 26. Ne2 Rd3 27. Rc1 Nd5
28. Nxd5 Rxd5 29. Rch1 Bxc5 30. Bxc5 Rxc5 31. g5 fxg5 32. Rxg5 hxg5 33. Rxh8
Rd5 34. Rh7+ Kg6 35. Rh8 Rd2 36. a4 Ra2 37. Rc8 Bxa4 38. Ke3 Bc6 39. Ra8 a4 40.
Ra5 Rb2 41. Rxe5 Rxb6 42. f4 Rb5 43. Rxb5 Bxb5 44. Nd4 a3 45. Nc2 a2 46. fxg5
Ba4 47. Na1 Kxg5 48. Kd4 Bb3 49. Ke5 Kg4 50. Ke4 Kg3 51. Ke3 Kg2 52. Ke2 b6 53.
Ke3 Kf1 54. Kd2 Kf2 0-1

[Event "32. Staufer-Open A-Turnier"]
[Site "Schwäbisch Gmünd"]
[Date "2020.01.05"]
[Round "7.24"]
[White "Müller, Daniel"]
[Black "Zwahr, Paul"]
[Result "0-1"]
[WhiteElo "2066"]
[BlackElo "2284"]
[PlyCount "98"]
[EventDate "2020.??.??"]
[WhiteTeam "SC Villingen-Schwenningen"]
[BlackTeam "SG Grün-Weiß Dresden"]

1. d4 Nf6 2. g3 c5 3. d5 b5 4. c4 bxc4 5. Bg2 d6 6. Na3 g6 7. Nxc4 Bg7 8. e4
O-O 9. Ne2 Ba6 10. Qc2 Nbd7 11. O-O Rb8 12. a3 Ng4 13. h3 Nge5 14. Ne3 Qb6 15.
Rd1 c4 16. Rb1 Nd3 17. Nc3 Qb3 18. Na4 Bd4 19. Qxb3 Rxb3 20. Bd2 Rfb8 21. Bf1
N7e5 22. Bc3 Bxc3 23. Nxc3 Nxb2 24. Rdc1 Rxa3 25. Ncd1 Rab3 26. Nxb2 Rxb2 27.
Ra1 R8b6 28. Ra4 R2b4 29. Rca1 Rxa4 30. Rxa4 Nd3 31. Nxc4 Bxc4 32. Rxc4 Nc5 33.
e5 a5 34. exd6 exd6 35. Rc2 a4 36. Ra2 Rb4 37. Be2 Ne4 38. Ra3 Nc5 39. Ra1 f5
40. h4 Kf7 41. Kg2 Kf6 42. f4 Rb2 43. Kf1 Rb3 44. Kg2 a3 45. h5 g5 46. fxg5+
Kxg5 47. Bd1 Rb2+ 48. Kh3 a2 49. Bf3 Nb3 0-1

[Event "32. Staufer-Open A-Turnier"]
[Site "Schwäbisch Gmünd"]
[Date "2020.01.05"]
[Round "7.25"]
[White "Triantafillidis, Simeon"]
[Black "Schulz, Karsten"]
[Result "1/2-1/2"]
[WhiteElo "1975"]
[BlackElo "2268"]
[PlyCount "54"]
[EventDate "2020.??.??"]
[WhiteTeam "SF HN-Biberach"]
[BlackTeam "SF Schwerin"]

1. e4 d6 2. d4 Nf6 3. Nc3 e5 4. Nf3 exd4 5. Nxd4 Be7 6. Bc4 O-O 7. O-O Re8 8.
f3 c6 9. Bb3 Bf8 10. Bf4 Nbd7 11. Qd2 Nc5 12. Rad1 a5 13. a4 Nxb3 14. Nxb3 Be6
15. Bxd6 Bxb3 16. cxb3 Qb6+ 17. Qf2 Qxb3 18. Bxf8 Rxf8 19. Rd2 Rad8 20. Rfd1
Rxd2 21. Qxd2 Re8 22. Qe2 Nd5 23. Nxd5 cxd5 24. Qd3 Qxd3 25. Rxd3 dxe4 26. fxe4
g6 27. Rd4 Rc8 1/2-1/2

[Event "32. Staufer-Open A-Turnier"]
[Site "Schwäbisch Gmünd"]
[Date "2020.01.05"]
[Round "7.26"]
[White "Pallas, Sebastian"]
[Black "Hentrich, Johannes"]
[Result "1/2-1/2"]
[WhiteElo "2268"]
[BlackElo "2152"]
[PlyCount "91"]
[EventDate "2020.??.??"]
[WhiteTeam "SG 1871 Löberitz"]

1. e4 c5 2. Nf3 d6 3. d4 cxd4 4. Nxd4 Nf6 5. Nc3 a6 6. Bg5 e6 7. f4 Be7 8. Qf3
h6 9. Bh4 Qc7 10. O-O-O Nbd7 11. Bd3 g5 12. fxg5 Ne5 13. Qe2 Nfg4 14. Nf3 hxg5
15. Bg3 Bd7 16. h3 Nxd3+ 17. Qxd3 Ne5 18. Nxe5 dxe5 19. Bxe5 Qxe5 20. Qxd7+ Kf8
21. Qd4 Qxd4 22. Rxd4 g4 23. Rd3 Bf6 24. Rf1 gxh3 25. gxh3 Ke7 26. Rdf3 Bg5+
27. Kb1 Raf8 28. e5 f5 29. exf6+ Rxf6 30. Ne4 Rxf3 31. Rxf3 Rd8 32. c3 Rd5 33.
Kc2 Re5 34. Nxg5 Rxg5 35. Rf2 Rh5 36. Rf3 e5 37. c4 Rh4 38. Kc3 Ke6 39. a4 a5
40. b4 axb4+ 41. Kxb4 e4 42. Rg3 Kd6 43. c5+ Kd5 44. Rg1 Kd4 45. Rd1+ Ke3 46.
Re1+ {Rest nicht rekonstruierbar} 1/2-1/2

[Event "32. Staufer-Open A-Turnier"]
[Site "Schwäbisch Gmünd"]
[Date "2020.01.05"]
[Round "7.29"]
[White "Kardoeus, David"]
[Black "Lagunow, Raphael"]
[Result "1-0"]
[WhiteElo "2155"]
[BlackElo "2422"]
[PlyCount "53"]
[EventDate "2020.??.??"]
[WhiteTeam "SV Werder Bremen"]
[BlackTeam "SK Zehlendorf"]

1. e4 c5 2. Nf3 Nc6 3. d4 cxd4 4. Nxd4 Nf6 5. Nc3 e5 6. Ndb5 d6 7. Bg5 a6 8.
Na3 b5 9. Nd5 Be7 10. Bxf6 Bxf6 11. c3 Bg5 12. Nc2 Rb8 13. g3 O-O 14. a3 a5 15.
b4 Ne7 16. Nce3 Nxd5 17. Nxd5 Be6 18. Bg2 Bxd5 19. Qxd5 Qc7 20. O-O Qxc3 21.
bxa5 Qxa5 22. Rfb1 Qc3 23. Bf1 b4 24. axb4 Rxb4 25. Rxb4 Qxb4 26. Bc4 Qc5 27.
Qxf7+ 1-0